[Event "San Sebastian de los Reyes op U2200 2nd"]
[Site "San Sebastian de los Reyes"]
[Date "2019.05.25"]
[Round "5"]
[White "Rodriguez Garcia, Alberto"]
[Black "Karunanithi, Bharath"]
[Result "0-1"]
[WhiteElo "1831"]
[BlackElo "1723"]
[PlyCount "40"]
[EventDate "2019.05.11"]
[EventType "swiss"]
[EventRounds "6"]
[EventCountry "ESP"]
[SourceTitle "EXT 2024"]
[Source "ChessBase"]
[SourceDate "2023.10.10"]
[SourceVersion "1"]
[SourceVersionDate "2023.10.10"]
[SourceQuality "1"]

1. d4 Nf6 2. c4 e6 3. Nc3 d5 4. Bg5 c6 5. e3 Be7 6. Nf3 h6 7. Bh4 0-0 8. Bd3 Nbd7 9. 0-0 b6 10. cxd5 Nxd5 11. Bxe7 Qxe7 12. e4 Nf4 13. Ne2 Nxd3 14. Qxd3 Bb7 15. Ng3 Rfd8 16. Rac1 c5 17. Rfd1 cxd4 18. Rc7 Qd6 19. Rc2 Nc5 20. Qxd4 Qe7 0-1

[Event "San Sebastian de los Reyes op U2200 2nd"]
[Site "San Sebastian de los Reyes"]
[Date "2019.05.11"]
[Round "1"]
[White "Infante Martin, Alonso"]
[Black "Rodriguez Garcia, Alberto"]
[Result "0-1"]
[WhiteElo "1420"]
[BlackElo "1831"]
[PlyCount "68"]
[EventDate "2019.05.11"]
[EventType "swiss"]
[EventRounds "6"]
[EventCountry "ESP"]
[SourceTitle "EXT 2024"]
[Source "ChessBase"]
[SourceDate "2023.10.10"]
[SourceVersion "1"]
[SourceVersionDate "2023.10.10"]
[SourceQuality "1"]

1. d4 Nf6 2. c4 g6 3. f3 d5 4. Nc3 Bg7 5. Bg5 c6 6. e3 Be6 7. Qc2 dxc4 8. Nge2 Nd5 9. e4 Nb4 10. Qd2 Nd3+ 11. Kd1 Nf2+ 12. Kc1 Nxh1 13. Be3 b5 14. a3 0-0 15. Nf4 Bd7 16. d5 Be5 17. g3 Qa5 18. Kb1 Na6 19. Nfe2 Rfd8 20. f4 Bd6 21. Nd4 cxd5 22. exd5 Bc5 23. b4 cxb3 24. Nxb3 Bxe3 25. Qxe3 Qb6 26. Qxb6 axb6 27. Kb2 Nf2 28. Nd4 Nc5 29. Kc2 Nfe4 30. Ncxb5 Bxb5 31. Bxb5 Rxd5 32. Bc6 Rad8 33. Nf3 Rd2+ 34. Nxd2 Rxd2+ 0-1

[Event "Madrid-ch Previa-A"]
[Site "Madrid"]
[Date "2019.02.19"]
[Round "8"]
[White "Rodriguez Garcia, Alberto"]
[Black "Vazquez Gonzalez, Jesus"]
[Result "1/2-1/2"]
[WhiteElo "1792"]
[BlackElo "1916"]
[PlyCount "67"]
[EventDate "2019.02.04"]
[EventType "swiss"]
[EventRounds "9"]
[EventCountry "ESP"]
[SourceTitle "EXT 2021"]
[Source "ChessBase"]
[SourceDate "2020.10.23"]
[SourceVersion "1"]
[SourceVersionDate "2020.10.23"]
[SourceQuality "1"]

1. d4 c5 2. d5 e5 3. e4 d6 4. Nf3 g6 5. Nc3 Bg7 6. Bd3 Ne7 7. Be3 0-0 8. Qd2 f5 9. Bh6 f4 10. Bxg7 Kxg7 11. Be2 h6 12. g3 a6 13. a4 g5 14. h3 Ng6 15. Qd3 Nd7 16. Nd2 Nf6 17. Nc4 b6 18. h4 gxh4 19. gxh4 h5 20. Kd2 Kh6 21. Rag1 Rg8 22. Rg5 Ra7 23. Bf3 Nxh4 24. Rxg8 Nxf3+ 25. Qxf3 Qxg8 26. Nxd6 Bg4 27. Qd3 Qb8 28. Nf5+ Bxf5 29. exf5 Rd7 30. Rg1 Qd8 31. Qh3 e4 32. Ke1 Rg7 33. Rxg7 Kxg7 34. Qg2+ 1/2-1/2

[Event "Madrid-ch Previa-A"]
[Site "Madrid"]
[Date "2019.02.05"]
[Round "2"]
[White "Rodriguez Garcia, Alberto"]
[Black "Vinas Lopez, Carlos"]
[Result "1-0"]
[WhiteElo "1792"]
[BlackElo "1942"]
[PlyCount "145"]
[EventDate "2019.02.04"]
[EventType "swiss"]
[EventRounds "9"]
[EventCountry "ESP"]
[SourceTitle "EXT 2021"]
[Source "ChessBase"]
[SourceDate "2020.10.23"]
[SourceVersion "1"]
[SourceVersionDate "2020.10.23"]
[SourceQuality "1"]

1. d4 Nf6 2. c4 e5 3. dxe5 Ng4 4. Bf4 Nc6 5. Nf3 Bb4+ 6. Nbd2 Qe7 7. e3 Ngxe5 8. Nxe5 Nxe5 9. a3 Bd6 10. Ne4 Nd3+ 11. Bxd3 Bxf4 12. exf4 f5 13. Qh5+ g6 14. Qe2 fxe4 15. Qxe4 Qxe4+ 16. Bxe4 0-0 17. Bd5+ Kg7 18. g3 Re8+ 19. Kd2 c6 20. Bg2 d6 21. Rhe1 Bd7 22. Re3 Rad8 23. Rae1 Kf7 24. Kc3 a5 25. Kb3 Be6 26. Kc3 Bd7 27. Rxe8 Rxe8 28. Rxe8 Kxe8 29. b4 axb4+ 30. axb4 b6 31. Be4 Ke7 32. Kd4 c5+ 33. Kc3 Kf6 34. f3 h6 35. bxc5 dxc5 36. h4 Be6 37. Bd3 Bd7 38. Kd2 Bc6 39. Be4 Bd7 40. Bd5 b5 41. cxb5 Bxb5 42. Be4 Bd7 43. Kc3 Be6 44. Kd3 Ba2 45. Bc6 Bb3 46. Bb5 Bd5 47. Ke3 Ke7 48. Bd3 Kf6 49. Be4 Bb3 50. g4 Be6 51. g5+ Kg7 52. Kd3 h5 53. Kc3 Bf7 54. f5 gxf5 55. Bxf5 Kf8 56. Bd3 Ke7 57. f4 Kd6 58. Bc4 Bg6 59. Kd2 Be8 60. Ke3 Bg6 61. Kf3 Ke7 62. Bd5 Kd6 63. Be4 Bf7 64. g6 Bg8 65. Ke3 Ke6 66. Bf3 Kf5 67. Bxh5 Bc4 68. Be2 Bxe2 69. Kxe2 Kxg6 70. Kd3 Kf5 71. h5 Kf6 72. Kc4 Kg7 73. f5 1-0

[Event "San Sebastian de los Reyes op 20th"]
[Site "San Sebastian"]
[Date "2018.12.04"]
[Round "4"]
[White "Romero Fite, Miguel"]
[Black "Rodriguez Garcia, Alberto"]
[Result "1-0"]
[WhiteElo "2003"]
[BlackElo "1781"]
[PlyCount "69"]
[EventDate "2018.12.01"]
[EventType "swiss"]
[EventRounds "9"]
[EventCountry "ESP"]
[SourceTitle "CBM 187 Extra"]
[Source "ChessBase"]
[SourceDate "2018.11.04"]
[SourceVersion "1"]
[SourceVersionDate "2018.11.04"]
[SourceQuality "1"]

1. d4 Nf6 2. c4 g6 3. Nc3 d5 4. cxd5 Nxd5 5. Na4 Bg7 6. e4 Nb6 7. Be3 0-0 8. Rc1 Nc6 9. d5 Nxa4 10. Qxa4 Ne5 11. Be2 c6 12. f4 Ng4 13. Bxg4 Bxg4 14. h3 Bd7 15. Qb3 Qa5+ 16. Bd2 Qb6 17. Bb4 cxd5 18. exd5 Qd4 19. Nf3 Qe4+ 20. Kf2 Qxf4 21. Rhe1 Bd4+ 22. Ke2 Bb5+ 23. Kd1 Rac8 24. Bd2 Rxc1+ 25. Bxc1 Qc7 26. Nxd4 Bd7 27. Bd2 Rc8 28. Bc3 a6 29. Qb4 Qg3 30. Re2 Qd3+ 31. Ke1 Qg3+ 32. Kf1 Qf4+ 33. Kg1 Qg5 34. Qxe7 Qxd5 35. Re5 1-0

[Event "San Sebastian de los Reyes op 19th"]
[Site "San Sebastian"]
[Date "2017.12.09"]
[Round "8"]
[White "Vazquez Rodriguez, Francisco"]
[Black "Rodriguez Garcia, Alberto"]
[Result "0-1"]
[WhiteElo "1585"]
[BlackElo "1727"]
[PlyCount "144"]
[EventDate "2017.12.02"]
[EventType "swiss"]
[EventRounds "9"]
[EventCountry "ESP"]
[SourceTitle "CBM 182 Extra"]
[Source "ChessBase"]
[SourceDate "2018.02.23"]
[SourceVersion "1"]
[SourceVersionDate "2018.02.23"]
[SourceQuality "1"]

1. e4 c5 2. c3 d5 3. exd5 Qxd5 4. d4 cxd4 5. cxd4 Nf6 6. Nc3 Qd8 7. Bb5+ Bd7 8. Bxd7+ Nbxd7 9. Nf3 Nb6 10. 0-0 e6 11. Be3 Be7 12. Rc1 0-0 13. Qe2 a6 14. Rfd1 Rc8 15. h3 h6 16. Bf4 Nbd5 17. Bg3 Qa5 18. Nxd5 Qxd5 19. a3 Ne4 20. Be5 Rfd8 21. Re1 Ng5 22. Nxg5 Bxg5 23. Rcd1 Rc4 24. b3 Rc3 25. Qg4 f5 26. Qh5 Kh7 27. h4 g6 28. Qe2 Bxh4 29. g3 Bg5 30. Rd3 Rxb3 31. f4 Be7 32. Rc1 Rxd3 33. Qxd3 Bd6 34. Bxd6 Qxd6 35. Qc4 Qxd4+ 36. Qxd4 Rxd4 37. Rc7+ Kg8 38. Rxb7 Rd3 39. Kh2 Rxa3 40. Rb8+ Kf7 41. Rb7+ Kf6 42. Rh7 h5 43. Kh3 Ra1 44. Kg2 a5 45. Ra7 a4 46. Kh2 a3 47. Ra6 a2 48. Kg2 g5 49. Kh2 gxf4 50. gxf4 Rf1 51. Rxa2 Rxf4 52. Kg3 e5 53. Ra6+ Kg5 54. Ra8 Rg4+ 55. Kf2 Kf4 56. Ra4+ e4 57. Ra3 h4 58. Rh3 Kg5 59. Ra3 Rf4+ 60. Kg2 Kg4 61. Ra8 h3+ 62. Kg1 e3 63. Ra2 Kg3 64. Rg2+ Kf3 65. Rh2 Kg3 66. Rg2+ Kh4 67. Rh2 Rf2 68. Rxf2 exf2+ 69. Kxf2 Kg4 70. Kg1 Kf3 71. Kh1 Ke2 72. Kh2 f4 0-1

[Event "San Sebastian de los Reyes op 19th"]
[Site "San Sebastian"]
[Date "2017.12.08"]
[Round "7"]
[White "Rodriguez Garcia, Alberto"]
[Black "Robles Diaz, Jose Alberto"]
[Result "0-1"]
[WhiteElo "1727"]
[BlackElo "2136"]
[PlyCount "42"]
[EventDate "2017.12.02"]
[EventType "swiss"]
[EventRounds "9"]
[EventCountry "ESP"]
[SourceTitle "CBM 182 Extra"]
[Source "ChessBase"]
[SourceDate "2018.02.23"]
[SourceVersion "1"]
[SourceVersionDate "2018.02.23"]
[SourceQuality "1"]

1. d4 Nf6 2. c4 e6 3. Nf3 b6 4. g3 Bb7 5. Bg2 Bb4+ 6. Bd2 Bxd2+ 7. Qxd2 d6 8. Nc3 Nbd7 9. 0-0 0-0 10. Rfe1 Ne4 11. Nxe4 Bxe4 12. Ng5 Bxg2 13. Kxg2 e5 14. d5 a5 15. e4 Nc5 16. Rad1 Qd7 17. f4 exf4 18. Qxf4 Rae8 19. Nf3 Qa4 20. e5 dxe5 21. Rxe5 Qxd1 0-1

[Event "San Sebastian de los Reyes op 19th"]
[Site "San Sebastian"]
[Date "2017.12.04"]
[Round "3"]
[White "Rodriguez Garcia, Alberto"]
[Black "Garcia Minguez, Antonio"]
[Result "1-0"]
[WhiteElo "1727"]
[BlackElo "1520"]
[PlyCount "75"]
[EventDate "2017.12.02"]
[EventType "swiss"]
[EventRounds "9"]
[EventCountry "ESP"]
[SourceTitle "CBM 182 Extra"]
[Source "ChessBase"]
[SourceDate "2018.02.23"]
[SourceVersion "1"]
[SourceVersionDate "2018.02.23"]
[SourceQuality "1"]

1. d4 d5 2. c4 e6 3. Nc3 Nf6 4. Nf3 c6 5. e3 Bd6 6. Bd3 0-0 7. e4 dxe4 8. Nxe4 Nxe4 9. Bxe4 Nd7 10. 0-0 Nf6 11. Bc2 h6 12. Be3 Qc7 13. h3 Bf4 14. Qd2 Bxe3 15. fxe3 Rd8 16. Qf2 b6 17. Ne5 c5 18. Qh4 Rf8 19. Rxf6 gxf6 20. Qxf6 cxd4 21. Rf1 Qd8 22. Qxh6 f5 23. Ng6 Qf6 24. Qxf8+ Qxf8 25. Nxf8 Kxf8 26. exd4 Bb7 27. g4 Rd8 28. Rf4 Ke7 29. gxf5 Rg8+ 30. Rg4 Rh8 31. Rg7+ Kf6 32. Rxb7 exf5 33. d5 Rxh3 34. d6 Rh8 35. d7 Rd8 36. Rxa7 f4 37. Ba4 Ke5 38. Rc7 1-0

[Event "Madrid San Viator op-A 26th"]
[Site "Madrid"]
[Date "2016.04.24"]
[Round "4"]
[White "Rodriguez Garcia, Alberto"]
[Black "Giralda Gomez, David"]
[Result "1/2-1/2"]
[WhiteElo "1762"]
[BlackElo "1856"]
[PlyCount "135"]
[EventDate "2016.04.03"]
[EventType "swiss"]
[EventRounds "9"]
[EventCountry "ESP"]
[SourceTitle "EXT 2017"]
[Source "ChessBase"]
[SourceDate "2016.10.25"]
[SourceVersion "1"]
[SourceVersionDate "2016.10.25"]
[SourceQuality "1"]

1. d4 d6 2. c4 e5 3. dxe5 dxe5 4. Qxd8+ Kxd8 5. Nc3 c6 6. Nf3 f6 7. e3 Be6 8. Bd3 Kc7 9. a3 a5 10. 0-0 Nh6 11. Bd2 Be7 12. Rfc1 Na6 13. Na4 Nc5 14. Nxc5 Bxc5 15. b4 axb4 16. axb4 Be7 17. Rxa8 Rxa8 18. Bxh7 Ra4 19. Bc2 Ra2 20. Bd3 g5 21. Bc3 Ra3 22. Ne1 Nf7 23. c5 g4 24. Bb1 Ng5 25. f4 Nf7 26. f5 Bd7 27. e4 Bf8 28. Bd3 Bh6 29. Rc2 Be3+ 30. Kf1 b6 31. Bb2 Ra8 32. Re2 Bh6 33. Kf2 Bf8 34. cxb6+ Kxb6 35. Bc3 Ra3 36. Bd2 Nd6 37. Re3 Be8 38. Be2 Ra2 39. Bc3 Bh6 40. Rd3 Nxe4+ 41. Kf1 Bf7 42. Bd4+ Kc7 43. Be3 Bxe3 44. Rxe3 Nd2+ 45. Kg1 Nc4 46. Re4 Bd5 47. Bxc4 Bxe4 48. Bxa2 Kb6 49. Bc4 c5 50. b5 Bxf5 51. Kf2 Bd7 52. Ke2 Bxb5 53. Bxb5 Kxb5 54. h4 gxh3 55. gxh3 Kc6 56. Ke3 Kd5 57. Nd3 f5 58. h4 c4 59. Ne1 f4+ 60. Kf3 Ke6 61. Kg4 Kf6 62. h5 c3 63. Nc2 Kg7 64. Ne1 Kh6 65. Nc2 f3 66. Kxf3 Kxh5 67. Ke4 Kg4 68. Kxe5 1/2-1/2

[Event "Madrid San Viator op-A 26th"]
[Site "Madrid"]
[Date "2016.04.03"]
[Round "1"]
[White "Garcia Galeote, Lorenzo"]
[Black "Rodriguez Garcia, Alberto"]
[Result "1-0"]
[WhiteElo "2026"]
[BlackElo "1762"]
[PlyCount "123"]
[EventDate "2016.04.03"]
[EventType "swiss"]
[EventRounds "9"]
[EventCountry "ESP"]
[SourceTitle "EXT 2017"]
[Source "ChessBase"]
[SourceDate "2016.10.25"]
[SourceVersion "1"]
[SourceVersionDate "2016.10.25"]
[SourceQuality "1"]

1. b3 Nf6 2. Bb2 g6 3. Bxf6 exf6 4. d4 Bg7 5. e3 d6 6. g3 0-0 7. Bg2 Re8 8. Ne2 f5 9. 0-0 Nd7 10. c4 Nf6 11. Nbc3 Rb8 12. Rc1 Bd7 13. Qd2 Bc6 14. d5 Bd7 15. h3 Qe7 16. Qc2 a6 17. Nd4 Nh5 18. Nce2 Bh6 19. Kh2 Qf6 20. Qc3 g5 21. Nf3 Qg6 22. Rg1 Re7 23. Bf1 g4 24. Nh4 Qg5 25. Nf4 Nf6 26. Bd3 Rbe8 27. Qc2 Ne4 28. hxg4 fxg4 29. Kg2 Bg7 30. Rh1 h6 31. Kg1 Qe5 32. Bxe4 Qxe4 33. Qxe4 Rxe4 34. Kh2 Bf6 35. Kg2 Bg5 36. Rhd1 R4e7 37. Kf1 Re5 38. Nd3 Re4 39. Ng2 Bf5 40. Ngf4 Kg7 41. Kg2 Rh8 42. Rd2 h5 43. Rh1 h4 44. gxh4 Bxh4 45. Rdd1 Rxf4 46. Rxh4 Rxf2+ 47. Nxf2 Rxh4 48. Kg3 Rh8 49. e4 Bg6 50. Re1 Re8 51. Nxg4 f5 52. Nf2 Kf6 53. Kf4 Re5 54. Re3 Re7 55. exf5 Rxe3 56. Ng4+ Kf7 57. fxg6+ Kxg6 58. Nxe3 Kf6 59. b4 b6 60. Ke4 Ke7 61. Kd4 Kd7 62. c5 1-0

[Event "Madrid San Viator op 24th"]
[Site "Madrid"]
[Date "2015.04.26"]
[Round "5"]
[White "Lopez de Turiso, Jose Angel"]
[Black "Rodriguez Garcia, Alberto"]
[Result "1-0"]
[WhiteElo "2046"]
[BlackElo "1800"]
[PlyCount "123"]
[EventDate "2015.03.22"]
[EventType "swiss"]
[EventRounds "9"]
[EventCountry "ESP"]
[SourceTitle "EXT 2016"]
[Source "ChessBase"]
[SourceDate "2015.10.08"]
[SourceVersion "1"]
[SourceVersionDate "2015.10.08"]
[SourceQuality "1"]

1. e4 c5 2. Nc3 Nc6 3. g3 g6 4. Bg2 Bg7 5. d3 Nf6 6. Be3 d6 7. h3 Bd7 8. Nge2 a6 9. Qd2 Qb6 10. 0-0 h5 11. Nd5 Nxd5 12. exd5 Nd4 13. c3 Nxe2+ 14. Qxe2 Qb5 15. Rfe1 Bf6 16. Qd2 0-0 17. Bg5 Rfe8 18. Bxf6 exf6 19. Qf4 Qxb2 20. Qxf6 Qb6 21. Be4 Qd8 22. Qxd6 Bxh3 23. Qxc5 Rc8 24. Qd4 h4 25. Kh2 Qd7 26. Qf6 hxg3+ 27. fxg3 Qg4 28. c4 Qh5 29. Qh4 Qxh4 30. gxh4 Bd7 31. Rec1 f5 32. Bg2 Re2 33. Re1 Rce8 34. Rxe2 Rxe2 35. Kg1 Rd2 36. Bf1 f4 37. Re1 Bf5 38. Re7 Bxd3 39. Bxd3 Rxd3 40. Rxb7 Rd4 41. Rc7 Kf8 42. Kf2 Rd2+ 43. Kf3 Rxa2 44. Kxf4 a5 45. Kg5 Rg2+ 46. Kf6 Ke8 47. d6 Rd2 48. c5 a4 49. Ke6 Re2+ 50. Kd5 Rd2+ 51. Kc6 a3 52. Rc8+ Kf7 53. Kc7 a2 54. Ra8 Ke6 55. Ra3 Rd5 56. Kc6 Rd2 57. Re3+ Kf5 58. Re1 Re2 59. Rf1+ Ke6 60. d7 Ke7 61. Kc7 Rd2 62. Re1+ 1-0